|
|
|
|
| LEADER |
00000nam a2200000 a 4500 |
| 001 |
vtls008388876 |
| 003 |
SK-MaSNL |
| 005 |
20260302015538.0 |
| 008 |
181109s1953 xo slo |
| 015 |
|
|
|a SKSNBA19451955-008606
|
| 035 |
|
|
|a SK01SNKBKSFS20010081093
|
| 035 |
|
|
|a SKM000083556
|
| 040 |
|
|
|a SNK
|b slo
|c SNK
|e AACR2
|
| 041 |
0 |
|
|a slo
|
| 044 |
|
|
|a xo
|c SK
|
| 080 |
|
|
|a 614
|2 1981
|
| 245 |
1 |
0 |
|a Osnova školenia dobrovoľných požiarnych sborov
|b 4. štvrťrok 1953
|
| 260 |
|
|
|a [Bratislava]
|b Pov. vnútra
|c 1953
|e Bratislava
|f [s.n.] merkant. tlač.
|
| 300 |
|
|
|a 18, [2] s.
|c 8°
|
| 500 |
|
|
|a Ob. tit.
|
| 563 |
|
|
|a Len pre služobnú potrebu
|
| 650 |
0 |
7 |
|a hasiči
|2 SNKPH
|9 1505
|
| 650 |
0 |
7 |
|a dobrovoľné hasičské zbory
|2 SNKPH
|9 75563
|
| 655 |
|
7 |
|a učebné osnovy
|2 SNKPH
|9 60479
|
| 852 |
|
|
|a Slovenská národná knižnica v Martine
|b 10000
|h MS SD 12541
|
| 958 |
|
|
|a OND
|
| 958 |
|
|
|a RK
|
| 958 |
|
|
|a TL
|
| 999 |
|
|
|c 1021621
|d 1023551
|
| 952 |
|
|
|a SNK
|b SNK
|y PREZ
|7 0
|p 17A0568600
|o snkSD 12541
|i snk2086/57
|0 0
|1 0
|4 0
|d 2007-11-24
|l 0
|r 2025-11-26 00:00:00
|w 2026-02-24
|